LEADER 01047nam a2200265 u 4500 001 000000080999 003 CaOOAMICUS 005 20180314161250.0 008 050310s1947 fr u000 u fre u 032 $aLibriCat 035 $a11033385 040 $aAAR$bita$dPUL(R) 100 1 $aCresson, André,$d1869-$0(OLS)http://pul/name/12805 245 10$aMarc-Aurèle : $bsa vie, son oeuvre ; avec un exposé de sa philosophie /$cpar André Cresson. 250 $a3. ed. 260 $aParis :$bPresses Universitaires de France,$c1947. 300 $a110 p. ;$c19 cm 490 1 $aPhilosophes 830 0$aPhilosophes.$0(OLS)http://pul/title/19668 850 $aPUL 852 $aPUL$W1$xDP1 Fondo Cecchetti$y53$m260 V 72$j103390$nBK-PRI$b $qFondi$B103390$CPULBib$Z2$F103390 $82 941 1 $a1 996 $6245$aMarc-Aurèle : $bsa vie, son oeuvre ; avec un exposé de sa philosophie$9(OLS)http://pul/title/206459 996 $6260$aParis :$bPresses Universitaires de France$9(OLS)http://pul/publisher/47940 LEADER 01371nam a2200301 u 4500 001 000000046860 003 CaOOAMICUS 005 20070226114824.0 008 990721s1989 it u000 u ita u 035 $a10830445 040 $aPUL(R)$bita$dPUL 245 00$aPrimo rapporto sulla famiglia in Italia /$ca cura di Pierpaolo Donati ; contributi di B. Barbero Avanzini ... [et al.]. 260 $aCinisello Balsamo :$bPaoline,$cc1989. 300 $a310 p. ;$c21 cm 490 1 $aFamiglia nel mondo contemporaneo ;$v1 500 $aIn testa al front.: CISF, Centro Internazionale Studi Famiglia. 504 $aBibliografia in nota. 650 4$aFamiglia$zItalia.$0(OLS)http://pul/subject/19849 700 1 $aDonati, Pierpaolo,$d1946-$0(OLS)http://pul/name/5444 700 1 $aBarbero Avanzini, Bianca,$d1940-$0(OLS)http://pul/name/34120 710 2 $aCentro internazionale studi famiglia.$0(OLS)http://pul/name/7113 830 0$aFamiglia nel mondo contemporaneo ;$v1.$0(OLS)http://pul/title/39615 850 $aPUL 852 $aPUL$W1$xSL Religione 1$y3$m39 D 144$j62706$nBK-PRI$b $qStampati$B62706$CPULBib$Z2$F62706 $H $81 941 1 $a8 961 $aINV: 69394 996 $6245$aPrimo rapporto sulla famiglia in Italia$9(OLS)http://pul/title/63091 996 $6260$aCinisello Balsamo :$bPaoline$9(OLS)http://pul/publisher/55313